L' accordo sugli aspetti dei diritti di propieta intellettuale attinenti al commercio

Bibliographic Details
Main Author: Morgese, Giuseppe
Format: Unknown
Language:Italian
Published: Bari : Cacucci Editore, 2009
Subjects:
Online Access:Acceso restringido

MARC

LEADER 00000ny a22000003n 4500
005 20110622102733.0
008 100809s2010 it 000 0 ita d
020 |a 9788884228987 
035 |a 4975 
040 |a BUS   |d vLex 
080 |a 347.7(450) 
090 |c 982  |d 982 
100 1 |a Morgese, Giuseppe 
245 1 3 |a L' accordo sugli aspetti dei diritti di propieta intellettuale attinenti al commercio  |h [Recurso electrn̤ico]  |c Giuseppe Morgese  
256 |a Servicio en ln̕ea 
260 |a Bari :  |b Cacucci Editore,  |c 2009  
506 1 |a Contenido solo disponible en los productos indicados  |d vLex Global  |d vLex Global (Academic Edition, excluding Law Schools)  |d vLex Global (U.S. Academic Edition, Law Schools)  |d vLex Global (U.S. Academic Edition, excluding Law Schools)  |d vLex Global (Academic Edition, Law Schools) 
650 0 4 |a Propiedad intelectual  |z Italia  
740 0 |a vLex Libros (Servicios en ln̕ea) 
856 4 0 |z Acceso restringido  |u http://vlex.com/source/4975 
942 |c BOOK